[Event "Mecklenburg VP LL 0910"]
[Site "Mecklenburg VP"]
[Date "2009.10.18"]
[Round "1.6"]
[White "Otto, Martin"]
[Black "Roeder, Phillip"]
[Result "0-1"]
[WhiteElo "1838"]
[BlackElo "1867"]
[PlyCount "145"]
[EventDate "2009.10.18"]
[EventType "team-tourn"]
[EventRounds "9"]
[EventCountry "GER"]
[SourceTitle "EXT 2016"]
[Source "ChessBase"]
[SourceDate "2015.10.08"]
[SourceVersion "1"]
[SourceVersionDate "2015.10.08"]
[SourceQuality "1"]
[WhiteTeam "Torgelow Droegeheide"]
[BlackTeam "Wismar ASV Gruen-Weiss"]
[WhiteTeamCountry "GER"]
[BlackTeamCountry "GER"]

1. Nf3 Nf6 2. g3 d5 3. Bg2 g6 4. d3 Bg7 5. 0-0 0-0 6. Nbd2 d4 7. Nb3 Ne8 8. Bf4 Nc6 9. Qd2 e5 10. Bh6 Nd6 11. Bxg7 Kxg7 12. e4 Qe7 13. Qg5 f6 14. Qd2 b6 15. Nh4 a5 16. f4 Bd7 17. fxe5 fxe5 18. Rxf8 Rxf8 19. Rf1 Rxf1+ 20. Kxf1 Qf7+ 21. Kg1 Be6 22. Nf3 h6 23. c4 a4 24. Na1 Bg4 25. Ne1 b5 26. b3 axb3 27. axb3 Qf8 28. Qa2 Qb8 29. h3 Bd7 30. Nac2 bxc4 31. bxc4 Nb4 32. Qa5 Nc6 33. Qa2 Qb6 34. Qa3 Nb7 35. Nf3 Nc5 36. Nce1 Kf6 37. Qa8 Nb8 38. Qd5 Nc6 39. Qg8 Qb8 40. Qd5 Qf8 41. h4 g5 42. hxg5+ hxg5 43. Bh3 Bxh3 44. Qxc6+ Ne6 45. Qd5 Qd6 46. Qa8 Nd8 47. c5 Qd7 48. Nc2 Be6 49. Nb4 g4 50. c6 Qd6 51. Nh4 Nf7 52. Na6 Nd8 53. Nc5 Nxc6 54. Qh8+ Kf7 55. Qh5+ Ke7 56. Ng6+ Kf6 57. Nh8 Qxc5 58. Qg6+ Ke7 59. Qg7+ Kd6 60. Qf8+ Ne7 61. Ng6 Qc1+ 62. Kh2 Qd2+ 63. Kh1 Qe1+ 64. Kh2 Qd2+ 65. Kh1 Qe1+ 66. Kh2 Qd2+ 67. Kh1 Qg5 68. Nxe7 Qxe7 69. Qa8 Qh7+ 70. Kg2 Qd7 71. Qa3+ c5 72. Qa6+ Qc6 73. Qxc6+ 0-1

[Event "Mecklenburg VP LL 0607"]
[Site "Mecklenburg VP"]
[Date "2007.01.28"]
[Round "5.7"]
[White "Roeder, Phillip"]
[Black "Menkhaus, Wolf Dieter"]
[Result "1/2-1/2"]
[WhiteElo "1884"]
[BlackElo "1977"]
[PlyCount "41"]
[EventDate "2006.10.15"]
[EventType "team"]
[EventRounds "9"]
[EventCountry "GER"]
[SourceTitle "EXT 2008"]
[Source "ChessBase"]
[SourceDate "2007.11.25"]
[SourceVersion "1"]
[SourceVersionDate "2007.11.25"]
[SourceQuality "1"]
[WhiteTeam "Wismar"]
[BlackTeam "Rostock PSV II"]
[WhiteTeamCountry "GER"]
[BlackTeamCountry "GER"]

1. d4 Nf6 2. Nf3 e6 3. Bf4 c5 4. c3 Nc6 5. e3 d5 6. Bd3 Be7 7. Nbd2 0-0 8. h3 c4 9. Bc2 b5 10. a3 Ne8 11. e4 dxe4 12. Bxe4 Bb7 13. Ne5 Nxe5 14. Bxe5 Bxe4 15. Nxe4 Nf6 16. Nxf6+ Bxf6 17. Bxf6 Qxf6 18. 0-0 a5 19. Re1 Rab8 20. Re5 Rb6 21. Qe2 1/2-1/2

[Event "Mecklenburg VP LL 0304"]
[Site "Mecklenburg VP"]
[Date "2003.11.23"]
[Round "3.5"]
[White "Roeder, Phillip"]
[Black "Greinert, Timo"]
[Result "1-0"]
[WhiteElo "1934"]
[BlackElo "1871"]
[PlyCount "65"]
[EventDate "2003.09.28"]
[EventType "team-tourn"]
[EventRounds "9"]
[EventCountry "GER"]
[SourceTitle "EXT 2005"]
[Source "ChessBase"]
[SourceDate "2004.11.15"]
[SourceVersion "1"]
[SourceVersionDate "2004.11.15"]
[SourceQuality "1"]
[WhiteTeam "Wismar"]
[BlackTeam "Torgelow"]
[WhiteTeamCountry "GER"]
[BlackTeamCountry "GER"]

1. Nc3 d5 2. e4 c6 3. Qf3 e6 4. Qg3 Ne7 5. Nf3 dxe4 6. Nxe4 Nf5 7. Qf4 Bd6 8. Nxd6+ Qxd6 9. Qxd6 Nxd6 10. d4 Nd7 11. Bf4 Ne4 12. Bd3 Nef6 13. Bd6 b6 14. 0-0 Bb7 15. Rfe1 c5 16. dxc5 Bxf3 17. gxf3 Nxc5 18. Bb5+ Ncd7 19. Ba6 Nc5 20. Bxc5 bxc5 21. Re5 Nd7 22. Bb5 Ke7 23. Bxd7 Kxd7 24. Rxc5 Rhc8 25. Rd1+ Ke7 26. Rxc8 Rxc8 27. c3 Rc5 28. Rd4 Rb5 29. b4 Rd5 30. Rxd5 exd5 31. Kf1 Kd6 32. Ke2 Kc6 33. a4 1-0